Loading...

Kalakhattathinte Sahithyam

Bibliographic Details
Main Author: Kotappunna
Format: Printed Book
Language:Malayalam
Published: National Bk Stall Kottayam National Book Stall 1975
LEADER 00486nam a2200133Ia 4500
008 111205s9999 xx 000 0 mal d
082 |a 800 F GUI/C 
100 |a Kotappunna 
245 |a Kalakhattathinte Sahithyam  |c Kotappunna 
260 |b National Book Stall  |a National Bk Stall Kottayam  |c 1975 
300 |a 108 
942 |c BK 
999 |c 216832  |d 216832 
952 |0 0  |1 0  |2 ddc  |4 0  |6 854_510000000000000_KAL  |7 0  |9 239671  |a MAL  |b MAL  |c ST1  |d 1985-02-15  |g 4.00  |l 0  |o 854.51 KAL  |p MAL12911  |r 2011-12-05  |v 4.00  |w 2011-12-05  |y BK